1437 1303 1272 1866 1883 1045 1406 1123 1366 1973 1481 1816 1138 1106 1379 1483 1864 1460 1366 1928 1245 1161 1424 1404 1343 1217 1660 1514 1476 1755 1632 1671 1024 1632 1458 1639 1534 1356 1083 1748 1136 1251 1997 1594 1386 1328 1587 1514 1131 1003 1706 1293 1442 1197 1408 1954 1909 1340 1971 1379 1283 1374 1707 1483 1033 1427 1127 1979 1369 1095 1120 1322 1253 1935 1596 1580 1020 1750 1842 1566 1719 1615 1715 1416 1770 1862 1561 1920 1846 1038 1167 1321 1573 1917 1304 1290 1477 1870 1498 BCNSPRNW ULIB Ver.6.0+V

เปลี่ยนเป็นภาษาไทย

Change to English
 แสดงรายละเอียดบรรณานุกรม
  กลับหน้าหลัก

Brief Record : Get Marc (ISO 2709) : E-mail record : QR code < ปิดหน้าต่าง
LEADER : 00000nam 2200000uu 4500
001    13399125379
003     ULIB
008    170518s2559||||th 000 0 tha d
020    ^a9786163142177
060 04 ^aWB105^bว617ก
100 0  ^aวินชนะ ศรีวิไลทนต์, บรรณาธิการ
245 00 ^aการดูแลรักษาภาวะช็อกในห้องฉุกเฉิน =^bComprehensive Shock Resuscitation in Emergency Department /^cวินชนะ ศรีวิไลทนต์, บรรณาธิการ
250    ^aพิมพ์ครั้งที่ 1 (ราคา 300 บาท)
260    ^aปทุมธานี :^bโรงพิมพ์มหาวิทยาลัยธรรมศาสตร์ศูนย์รังสิต,^c2559
300    ^a159 หน้า :^bภาพประกอบ ; ตาราง ;^c29 ซม.
505 0  ^aบทที่ 1 ภาวะช็อกในห้องฉุกเฉิน
505 0  ^aบทที่ 2 ภาวะช็อกในผู้ป่วยที่ได้รับอุบัติเหตุ
505 0  ^aบทที่ 3 ภาวะช็อกจากการเสียเลือดหรือขาดสารน้ำ
505 0  ^aบทที่ 4 ภาวะช็อกจากการอุดกั้น
505 0  ^aบทที่ 5 ภาวะช็อกจากการกระจายของเลือด
505 0  ^aบทที่ 6 ภาวะช็อกจากหัวใจ
505 0  ^aบทที่ 7 การทำอัลตราซาวน์เพื่อช่วยในการประเมินภาวะช็อก
650  7 ^aเวชศาสตร์ฉุกเฉิน
650  7 ^aภาวะช็อก
945    ^p0^l0^i002173
945    ^p0^l0^i002174
945    ^p0^l0^i002175
999    ^aวรรณษา ชูชัยมงคล
รายการนี้ยังไม่มีแท็ก
คุณยังไม่ได้ล็อกอิน คุณสามารถมีกิจกรรมร่วมกับเว็บไซต์ได้ แต่ต้องล็อกอินก่อน ::
  ล็อกอิน

รายการสื่อสารสนเทศ

ลำดับที่ ประเภท เลขเรียก/บาร์โค้ด สถานที่ สถานะ
1. วิทยาศาสตร์การแพทย์ และสุขภาพ
วิทยาศาสตร์การแพทย์ และสุขภาพ
สถานะ=หนังสือเก่า
WB105 ว617ก ฉ.1 
  Barcode: 002173
ห้องสมุดวิทยาเขตสวรรค์ประชารักษ์
►ส่วนจัดเก็บหนังสือเก่า สปร
บนชั้น
  ขอยืม
2. วิทยาศาสตร์การแพทย์ และสุขภาพ
วิทยาศาสตร์การแพทย์ และสุขภาพ
WB105 ว617ก ฉ.2 
  Barcode: 002174
ห้องสมุดวิทยาเขตสวรรค์ประชารักษ์
►หนังสือทั่วไป
บนชั้น
3. วิทยาศาสตร์การแพทย์ และสุขภาพ
วิทยาศาสตร์การแพทย์ และสุขภาพ
WB105 ว617ก ฉ.3 
  Barcode: 002175
ห้องสมุดวิทยาเขตสวรรค์ประชารักษ์
►หนังสือทั่วไป
บนชั้น

รายการใกล้เคียง
    ผู้แต่ง [วินชนะ ศรีวิไลทนต์, บรรณาธิการ]

    หัวเรื่อง [เวชศาสตร์ฉุกเฉิน]
    หัวเรื่อง [ภาวะช็อก]

BibComment


ยังไม่เคยถูกคอมเมนท์

คอมเมนท์ทรัพยากรรายการนี้
  คอมเมนท์: การดูแลรักษาภาวะ..


 Copyright 2026. Bcnsprnw @Library